| 000 | 01094cad a22002655a 4500 | ||
|---|---|---|---|
| 001 | L156916 | ||
| 008 | 120730e20120217xxkd f s 000 0 eng d | ||
| 035 | _a(Sirsi) u156916 | ||
| 041 | 0 | _aeng | |
| 110 | 2 |
_aRoyal Institution of Chartered Surveyors _bEconomics _95033 |
|
| 245 | 0 | 0 |
_aRICS global real estate weekly _b8 June 2012 _h[electronic resource] |
| 260 |
_aLondon _bRICS _c2012 |
||
| 490 | 0 |
_aRICS Global Real Estate Weekly _v8 June 2012 |
|
| 520 | _aGerman house price risks? Concerns over China's property sector de-escalate as the economy loses steam. Canadian Q1 growth unchanged from previous quarter at 1.8%. UK construction sector still under pressure, but could be set for seasonal respite. | ||
| 590 | _aKA | ||
| 650 | 2 | 4 | _aRICS GLOBAL REAL ESTATE WEEKLY |
| 651 | 4 | _aChina | |
| 651 | 4 | _aGermany | |
| 651 | 4 | _aCanada | |
| 651 | 4 | _aUnited Kingdom | |
| 690 |
_aCommercial property _96227 |
||
| 690 |
_aResidential property _96266 |
||
| 856 | 4 | 0 |
_uhttps://www.rics.org/site/download_feed.aspx?fileID=12054&fileExtension=PDF _zView the report at www.rics.org |
| 942 | _n0 | ||
| 999 |
_c114485 _d114485 |
||